000 01553nam a22002537a 4500
003 NALT
005 20251225104809.0
008 250925b th ||||| |||| 00| 0 tha d
020 _a9786163017833
040 _aNALT
100 1 _aมาร์แชนต์, โจ.
_967182
245 1 0 _aจักรวาลของมนุษย์ ตำนาน ประวัติศาสตร์ อารยธรรมและดวงดาว =
_bThe human cosmos : a secret history of the stars /
_cโจ มาร์แชนต์, ไนนินทร์ ประภาพัช, แปล.
_h[electronic resource]
260 _aกรุงเทพฯ :
_bยิปซี กรุ๊ป,
_c2566.
300 _aOnline resource
505 2 _a1. ตำนาน -- 2. ดินแดน -- 3. โชคชะตา -- 4. ศรัทธา -- 5. เวลา -- 6. มหาสมุทร -- 7. อำนาจ -- 8. แสง -- 9. ศิลปะ -- 10. ชีวิต -- 11. มนุษย์ต่างดาว -- 12. จิตใจ.
650 4 _aจักรวาลวิทยา
_922205
650 4 _a มนุษย์
_xผลกระทบจากสิ่งแวดล้อม
_959090
650 4 _aอารยธรรม
_xประวัติ
_943785
700 0 _aไนนินทร์ ประภาพัช.
_967183
700 1 _aMarchant, Jo.
_967184
856 4 0 _uhttps://ebook.parliament.go.th/ebookall/detail/438262
_zE-Book
942 _cEBK
_2lcc
996 _ajamriang.p
_bCATSTF
_c2025-12-25
999 _c107257
_d107257
998 _j1020
_k นางจำเรียง ระวังสำโรง